000 00575nam a2200217Ia 4500
003 OSt
005 20221007074146.0
006 a|||||r|||| 00| 0
007 ta
008 221006b |||||||| |||| 00| 0 eng d
024 _a15,896
037 _cTextual
040 _aFLL
_cFLL
_beng
041 _2eng
_aeng
082 _aX72:Z2, K5
100 _aAiyar A.N.
245 0 _aIndian Tax Laws (1965)
260 _aMadras
_bThe Company Law Institute of India (Pvt.) Ltd. India
_c1965
942 _hX72:Z2, K5
_cTEXL
_2CC
999 _c1151375
_d1151375